000 00439nam a2200181Ia 4500
001 15542
005 20260306170203.0
008 260306t2015||||xx |||||||||||||| ||und||
041 _aESP
082 _a543
_bS746
100 _aSkoog,Douglas A. [et. al...]
_eAUT
245 0 _aFundamentos de química analítica
260 _c2015
300 _a958 páginas :
_c27 cm.
650 _aGEN
654 _aCCN
942 _cLIB
_dJUS
_fJUS
_2ddc
_n
999 _c15542
_d15542